A short history of modern philosophy : (Record no. 5625)

MARC details
000 -LEADER
fixed length control field 00955cac a22002771u 4500
090 ## - LOCALLY ASSIGNED LC-TYPE CALL NUMBER (OCLC); LOCAL CALL NUMBER (OCLC)
-- 5625
008 - FIXED-LENGTH DATA ELEMENTS--GENERAL INFORMATION
fixed length control field 090105t1995 xxu||||| |||| 00| 0 eng d
010 ## - LIBRARY OF CONGRESS CONTROL NUMBER
LC control number 95016864
020 ## - INTERNATIONAL STANDARD BOOK NUMBER
International Standard Book Number 0415133270 (hbk. : alk. paper)
020 ## - INTERNATIONAL STANDARD BOOK NUMBER
International Standard Book Number 0415130352
082 00 - DEWEY DECIMAL CLASSIFICATION NUMBER
Classification number 190
Item number SCR
100 ## - MAIN ENTRY--PERSONAL NAME
Personal name Scruton, Roger.
245 12 - TITLE STATEMENT
Title A short history of modern philosophy :
Remainder of title from Descartes to Wittgenstein /
Statement of responsibility, etc Roger Scruton.
250 ## - EDITION STATEMENT
Edition statement 2nd., rev. and enl. ed.
260 ## - PUBLICATION, DISTRIBUTION, ETC. (IMPRINT)
Place of publication, distribution, etc London ;
-- New York :
Name of publisher, distributor, etc Routledge,
Date of publication, distribution, etc c.1995.
260 ## - PUBLICATION, DISTRIBUTION, ETC. (IMPRINT)
Name of publisher, distributor, etc distributer: Al-Ahram
300 ## - PHYSICAL DESCRIPTION
Extent ix, 302 p. ;
Dimensions 21 cm.
500 ## - GENERAL NOTE
General note Rev. ed. of: From Descartes to Wittgenstein. 1981.
500 ## - GENERAL NOTE
General note distributer: Al-Ahram
504 ## - BIBLIOGRAPHY, ETC. NOTE
Bibliography, etc Includes bibliographical references (p. [282]-295) and index.
511 ## - PARTICIPANT OR PERFORMER NOTE
Participant or performer note catalogued by: wessam
650 #0 - SUBJECT ADDED ENTRY--TOPICAL TERM
Topical term or geographic name as entry element Philosophy, Modern.
700 1# - ADDED ENTRY--PERSONAL NAME
Personal name Scruton, Roger.
942 ## - ADDED ENTRY ELEMENTS (KOHA)
Item type Book - Borrowing
Call number prefix 190SCR
Source of classification or shelving scheme Dewey Decimal Classification
Holdings
Withdrawn status Item status Damaged status Not for loan Home library Current library Shelving location Date acquired Source of acquisition Total Checkouts Full call number Barcode Date last seen Date last borrowed Koha item type
        Central Library Central Library Lower Floor 31/10/2007 Purchase 1 190SCR 000006653 15/07/2025 18/04/2016 Book - Borrowing